| 000 | 00630 a2200169 4500 | ||
|---|---|---|---|
| 020 | _a0124110304 | ||
| 020 | _a9780124110304 | ||
| 090 |
_c1527 _d1527 |
||
| 100 | _aV. Lakshmikantham | ||
| 110 | _aS. Leela | ||
| 245 | 1 | 0 |
_aDifferential and integral inequalities; theory and applications volume I : _bordinary differential equations / _cV. Lakshmikantham. |
| 260 |
_a[S.l.] : _bAcademic Press, _c1969. |
||
| 300 |
_a390 p. ; _c23 cm. |
||
| 700 | 1 | _aLakshmikantham, V. | |
| 942 |
_aSNS _cBK _k517.38 LAK |
||
| 999 |
_c30138 _d30138 |
||